MARC details
| 000 -LEADER |
| campo de control de longitud fija |
01504nam a2200289 i 4500 |
| 001 - NÚMERO DE CONTROL |
| campo de control |
167718 |
| 003 - IDENTIFICADOR DE NÚMERO DE CONTROL |
| campo de control |
ES-MaACL |
| 005 - FECHA Y HORA DE LA ÚLTIMA TRANSACCIÓN |
| campo de control |
20250823063124.0 |
| 008 - DATOS DE LONGITUD FIJA--INFORMACIÓN GENERAL |
| campo de control de longitud fija |
931025s1782 sp a |||| | lat d |
| 100 1# - ENTRADA PRINCIPAL--NOMBRE DE PERSONA |
| Nombre de persona |
Vives, Juan Luis, |
| Fechas asociadas al nombre |
1492-1540 |
| 9 (RLIN) |
115574 |
| 245 10 - MENCIÓN DEL TÍTULO |
| Título |
Ioannis Ludovici Vivis ... Opera omnia / |
| Mención de responsabilidad, etc. |
distributa et ordinata in argumentorum classes praecipuas a Gregorio Maiansio ... ; item vita Vivis scripta ab eodem Maiansio ; liberaliter editionis impensas sufficiente ... Francisco Fabian et Fuero ... ; tomus I. |
| 260 ## - PUBLICACIÓN, DISTRIBUCIÓN, ETC. |
| Lugar de publicación, distribución, etc. |
Valentiae Edetanorum : |
| Nombre del editor, distribuidor, etc. |
in officina Benedicti Monfort ..., |
| Fecha de publicación, distribución, etc. |
1782. |
| 300 ## - DESCRIPCIÓN FÍSICA |
| Extensión |
[4], XXVIII, [8], 220, 432 p., [1] h. de grab. : |
| Otras características físicas |
il. ; |
| Dimensiones |
Fol. |
| 530 ## - NOTA DISPONIBLE DE FORMULARIO FÍSICO ADICIONAL |
| Nota de formato físico adicional disponible |
Disponible en formato digital. |
| 597 ## - NOTA DE DESCRIPCIÓN FÍSICA |
| NOTA DE DESCRIPCIÓN FÍSICA |
Sign.: [ ]1, ¶3, 2¶5, 3¶4, 4¶3, 5¶4, A-Z4, 2A-2D4, 2E2, A-Z4, 2A-2Z4, 3A-3F4, 3G2, 3H4, 3I2. |
| 597 ## - NOTA DE DESCRIPCIÓN FÍSICA |
| NOTA DE DESCRIPCIÓN FÍSICA |
Antep. |
| 597 ## - NOTA DE DESCRIPCIÓN FÍSICA |
| NOTA DE DESCRIPCIÓN FÍSICA |
Port. con grab. calc. |
| 597 ## - NOTA DE DESCRIPCIÓN FÍSICA |
| NOTA DE DESCRIPCIÓN FÍSICA |
Esc. de Luis Vives en sig. 5¶4. |
| 599 ## - NOTA A LAS ILUSTRACIONES |
| NOTA A LAS ILUSTRACIONES |
La h. de grab. calc.: "Raph. Ximeno inv. et Joach. Fabregat inc.", retrato del autor. |
| 599 ## - NOTA A LAS ILUSTRACIONES |
| NOTA A LAS ILUSTRACIONES |
Grab. calc.: "Raph. Ximeno inv. Man. Brandi inc.", en sign. A1, segunda secuencia. |
| 650 #7 - PUNTO DE ACCESO ADICIONAL DE MATERIA--TÉRMINO DE MATERIA |
| Término de materia o nombre geográfico como elemento de entrada |
Filosofía renacentista |
| Fuente del encabezamiento o término |
embne |
| 9 (RLIN) |
147263 |
| 700 1# - ENTRADA AGREGADA--NOMBRE PERSONAL |
| Nombre de persona |
Mayáns y Siscar, Gregorio. |
| 9 (RLIN) |
79333 |
| 700 1# - ENTRADA AGREGADA--NOMBRE PERSONAL |
| Nombre de persona |
Fabián y Fuero, Francisco. |
| 9 (RLIN) |
127000 |
| 852 ## - LOCALIZACIÓN |
| Ubicación |
ES-MaACL |
| Número de control de estantería |
R-1095-102 |
| Nota libre |
- Enc. pasta |
| Encuadernación |
Olim: G-6927-34 |
| 856 ## - LOCALIZACIÓN Y ACCESO ELECTRÓNICOS |
| Identificador Uniforme de Recursos |
<a href="http://hdl.handle.net/11169/7347 ">http://hdl.handle.net/11169/7347 </a> |
| Nota pública |
Biblioteca Digital Floridablanca |